| 000 | 00618nam a22002177a 4500 | ||
|---|---|---|---|
| 003 | dpl | ||
| 005 | 20180801131210.0 | ||
| 008 | 180801b xxu||||| |||| 00| 0 eng d | ||
| 010 | _aA-720615 | ||
| 016 | _aA-720615 | ||
| 020 | _c0.00 | ||
| 035 | _aA-720615 | ||
| 037 | _bBPPD/PUB | ||
| 040 | _c0 | ||
| 082 | _a345.54 | ||
| 100 | _aBanerjee tapas kumar | ||
| 245 |
_aBack ground to indian criminal law / _cby tapas kumar Banerjee |
||
| 260 |
_aCalcutta _bR.cambray and co. private ltd. _c1963 |
||
| 300 |
_axviii, 402p. _c22 cm (Hb) |
||
| 942 |
_adpl _cEN _k345.54 / BAN _2ddc _h345.54 _mBAN |
||
| 999 |
_c155248 _d155248 |
||